| 000 | 00624nam a2200217Ia 4500 | ||
|---|---|---|---|
| 003 | OSt | ||
| 005 | 20230517112519.0 | ||
| 008 | 210423s2008 xx 000 0 und d | ||
| 020 | _a9781741751024 | ||
| 040 | _cAL | ||
| 041 | _aeng | ||
| 082 |
_a363.80994 LAWM _223 |
||
| 100 |
_aLAWRENCE (Mark);WORSLEY (Tony). _9104865 |
||
| 245 | _aPublic health nutrition: from principles to practice. | ||
| 260 |
_aNew Delhi _bAllen & Unwin _c2008 |
||
| 300 |
_axx,479 _bHB |
||
| 365 |
_b695 _cINR |
||
| 650 |
_aOther Social Problems _9104866 |
||
| 906 | _ahealth ; nutrition: ; practice. ; principles ; Public | ||
| 942 |
_2ddc _cBK |
||
| 999 |
_c164804 _d164804 |
||